<?xml version="1.0" encoding="UTF-8"?>
<record
    xmlns:xsi="http://www.w3.org/2001/XMLSchema-instance"
    xsi:schemaLocation="http://www.loc.gov/MARC21/slim http://www.loc.gov/standards/marcxml/schema/MARC21slim.xsd"
    xmlns="http://www.loc.gov/MARC21/slim">

  <leader>03060cam a22003258i 4500</leader>
  <controlfield tag="001">21273279</controlfield>
  <controlfield tag="005">20250331151525.0</controlfield>
  <controlfield tag="008">191024t20202020mau           001 0 eng  </controlfield>
  <datafield tag="010" ind1=" " ind2=" ">
    <subfield code="a">  2019043387</subfield>
  </datafield>
  <datafield tag="020" ind1=" " ind2=" ">
    <subfield code="a">9781633699168</subfield>
    <subfield code="q">(paperback)</subfield>
  </datafield>
  <datafield tag="040" ind1=" " ind2=" ">
    <subfield code="a">MH/DLC</subfield>
    <subfield code="b">eng</subfield>
    <subfield code="e">rda</subfield>
    <subfield code="c">DLC</subfield>
  </datafield>
  <datafield tag="042" ind1=" " ind2=" ">
    <subfield code="a">pcc</subfield>
  </datafield>
  <datafield tag="050" ind1="0" ind2="0">
    <subfield code="a">HD30.28</subfield>
    <subfield code="b">.H3953 2020</subfield>
  </datafield>
  <datafield tag="245" ind1="0" ind2="0">
    <subfield code="a">HBR's 10 must reads.</subfield>
    <subfield code="n">Vol. 2 </subfield>
    <subfield code="b">: on strategy.</subfield>
  </datafield>
  <datafield tag="246" ind1="3" ind2="0">
    <subfield code="a">On strategy.</subfield>
    <subfield code="n">Vol. 2.</subfield>
  </datafield>
  <datafield tag="246" ind1="3" ind2=" ">
    <subfield code="a">HBR's ten must reads on strategy.</subfield>
    <subfield code="n">Vol. 2.</subfield>
  </datafield>
  <datafield tag="246" ind1="3" ind2=" ">
    <subfield code="a">Harvard business review's 10 must reads on strategy.</subfield>
    <subfield code="n">Vol. 2.</subfield>
  </datafield>
  <datafield tag="246" ind1="3" ind2=" ">
    <subfield code="a">Harvard business review's ten must reads on strategy.</subfield>
    <subfield code="n">Vol. 2.</subfield>
  </datafield>
  <datafield tag="264" ind1=" " ind2="1">
    <subfield code="a">Boston, Massachusetts :</subfield>
    <subfield code="b">Harvard Business Review Press,</subfield>
    <subfield code="c">[2020]</subfield>
  </datafield>
  <datafield tag="264" ind1=" " ind2="4">
    <subfield code="c">&#xA9;2020</subfield>
  </datafield>
  <datafield tag="300" ind1=" " ind2=" ">
    <subfield code="a">199 pages</subfield>
  </datafield>
  <datafield tag="490" ind1="1" ind2=" ">
    <subfield code="a">HBR's 10 must reads</subfield>
  </datafield>
  <datafield tag="500" ind1=" " ind2=" ">
    <subfield code="a">Includes index.</subfield>
  </datafield>
  <datafield tag="505" ind1="0" ind2=" ">
    <subfield code="a">Your Strategy Needs a Strategy &#x2014;
Transient Advantage &#x2014;
Bringing Science to the Art of Strategy &#x2014;
Managing Risks: A New Framework &#x2014;
Surviving Disruption &#x2014;
The Great Repeatable Business Model &#x2014;
Pipelines, Platforms, and the New Rules of Strategy &#x2014;
Why the Lean Start-Up Changes Everything &#x2014;
Strategy Needs Creativity &#x2014;
Put Purpose at the Core of Your Strategy &#x2014;
Creating Shared Value .</subfield>
  </datafield>
  <datafield tag="520" ind1=" " ind2=" ">
    <subfield code="a">"Do you have the right strategy to lead your company into the future? More of the ideas you want, from the authors you trust. We've combed through hundreds of Harvard Business Review articles and selected the most important ones to help you combat new competitors and ensure that you can define--and execute--the best strategy for your company. With insights from leading experts, this book will inspire you to: choose a strategy that best meets the demands of your competitive environment, generate economic value for your company, while also producing value for society, create and capture new markets--and break free of old ones, see the growing relevance of data analytics in your organization, transform your products and services into platforms, identify the signals of future disruption and take steps to avoid it. HBR's 10 Must Reads paperback series is the definitive collection of books for new and experienced leaders alike. Leaders looking for the inspiration that big ideas provide, both to accelerate their own growth and that of their companies, should look no further. HBR's 10 Must Reads series focuses on the core topics that every ambitious manager needs to know: leadership, strategy, change, managing people, and managing yourself. Harvard Business Review has sorted through hundreds of articles and selected only the most essential reading on each topic. Each title includes timeless advice that will be relevant regardless of an ever-changing business environment"--</subfield>
    <subfield code="c">Provided by publisher.</subfield>
  </datafield>
  <datafield tag="650" ind1=" " ind2="0">
    <subfield code="a">Strategic planning</subfield>
    <subfield code="9">3573</subfield>
  </datafield>
  <datafield tag="830" ind1=" " ind2="0">
    <subfield code="a">HBR's 10 must reads (Series)</subfield>
  </datafield>
  <datafield tag="942" ind1=" " ind2=" ">
    <subfield code="2">lcc</subfield>
  </datafield>
  <datafield tag="952" ind1=" " ind2=" ">
    <subfield code="0">0</subfield>
    <subfield code="1">0</subfield>
    <subfield code="2">lcc</subfield>
    <subfield code="4">0</subfield>
    <subfield code="7">0</subfield>
    <subfield code="a">TBS</subfield>
    <subfield code="b">TBS</subfield>
    <subfield code="d">2025-03-31</subfield>
    <subfield code="l">0</subfield>
    <subfield code="o">HD30.28 ONS (II)</subfield>
    <subfield code="p">B07523</subfield>
    <subfield code="r">2025-03-31</subfield>
    <subfield code="t">1</subfield>
    <subfield code="w">2025-03-31</subfield>
    <subfield code="y">1</subfield>
  </datafield>
  <datafield tag="999" ind1=" " ind2=" ">
    <subfield code="c">4621</subfield>
    <subfield code="d">4621</subfield>
  </datafield>
</record>
